MARC

LEADER 00000nam0a2200000 4500
001 68275
005 20231031074733.0
010 |a 5947238055 
035 |a (RuTPU)RU\TPU\book\72697 
090 |a 68275 
100 |a 20041004d2004 km y0rusy50 ca 
101 0 |a rus 
102 |a RU 
105 |a a z 001zy 
200 1 |a Психология индивидуальных различий  |f Е. П. Ильин 
210 |a СПб.  |c Питер  |d 2004 
215 |a 701 с.  |c ил. 
225 1 |a Мастера психологии 
320 |a Библиогр.: с. 646-698. 
320 |a Алфавитный указатель: с. 699-700. 
610 1 |a психология 
610 1 |a личность 
610 1 |a индивидуальные различия 
610 1 |a темперамент 
610 1 |a типы 
610 1 |a поведение 
610 1 |a эмоции 
610 1 |a мотивации 
610 1 |a волевые качества 
610 1 |a индивидуальность 
610 1 |a деятельность 
610 1 |a стили 
610 1 |a профессиональная деятельность 
610 1 |a учебная деятельность 
610 1 |a стиль руководства 
610 1 |a темперамент 
610 1 |a здоровье 
610 1 |a психофизиология 
686 |a Ю937  |v LBC/SL-A  |2 rubbk 
700 1 |a Ильин  |b Е. П.  |g Евгений Павлович 
801 1 |a RU  |b 63413507  |c 20041004  |g PSBO 
801 2 |a RU  |b 63413507  |c 20120316  |g PSBO 
942 |c BK 
959 |a 119/20040924  |d 1  |e 225  |f ЧЗГЛ:1